Catalog

Record Details

Catalog Search



Evangelický zpěvník : dodatek Cover Image Book Book

Evangelický zpěvník : dodatek Synodní rada českobratrské církve evangelické

Record details

  • ISBN: 80-902017-4-1
  • Physical Description: 119 s.
  • Edition: 1. vyd.
  • Publisher: Plzeň UNI 2000

Available copies

  • 1 of 1 copy available at Common Catalog SPOK.

Holds

  • 0 current holds with 1 total copy.
Show Only Available Copies
Location Call Number / Copy Notes Barcode Shelving Location Status Due Date
ETS Library 781.7189 424470004721 Volný výběr Available -

LDR 00713nam a2 00253
00136947
003CZ-PrJAB
00520030808000000.0
008030804s2000 xr e |||| |cze
009cz
020 . ‡a80-902017-4-1
035 . ‡a(CONS)2538
035 . ‡aKPS11771
040 . ‡aABG450
041 . ‡acze
08214. ‡a781.7189
110 . ‡aSynodní rada českobratrské církve evangelické
245 . ‡aEvangelický zpěvník : ‡bdodatek ‡cSynodní rada českobratrské církve evangelické
250 . ‡a1. vyd.
260 . ‡aPlzeň ‡bUNI ‡c2000
300 . ‡a119 s.
653 . ‡aEvangelický zpěvník ‡adodatek
8524 . ‡bETS ‡bETS ‡cVolný výběr ‡j781.7189 ‡gA ‡p424470004721
910 . ‡aABG450
999 . ‡a2538 ‡bAUTOGEN ‡c2538 ‡tbiblio
905 . ‡uadmin
901 . ‡a36947 ‡b ‡c36947 ‡tbiblio ‡sets

Additional Resources